| 000 | 00343nam a22001337a 4500 | ||
|---|---|---|---|
| 999 |
_c15503 _d15503 |
||
| 003 | OSt | ||
| 008 | 180813b ||||| |||| 00| 0 eng d | ||
| 082 |
_a671.35 _bMAC/FI |
||
| 245 | _aFine grinding and lapping | ||
| 260 |
_aLondon _bThe machinery publishing _c1957 |
||
| 300 | _a74 | ||
| 490 | _aMachinery's yellow back series no.19 | ||
| 942 | _cBK | ||